00362pab a2200109 454500008003600000100002600036245006000062362004300122650003100165650003900196773001700235180718b xxu||||| |||| 00| 0 eng d aLaxminarasimha Rao J. aReservation policy and merit controversy: a public view a3(3-4), Jul-Sep/Oct-Dec 1993, p.210-20 a Backward Classes -- India aReservation -- Employment -- India aISDA Journal